The Routledge international handbook of economic sociology / (Record no. 39094)

MARC details
000 -LEADER
fixed length control field 02254cam a22002058i 4500
020 ## - INTERNATIONAL STANDARD BOOK NUMBER
ISBN 9780367419936
020 ## - INTERNATIONAL STANDARD BOOK NUMBER
ISBN 9781032486550
082 00 - DEWEY DECIMAL CLASSIFICATION NUMBER
Classification number 306.3
Item number ROU-
245 04 - TITLE STATEMENT
Title The Routledge international handbook of economic sociology /
Statement of responsibility, etc edited by Milan Zafirovski.
250 ## - EDITION STATEMENT
Edition statement First Edition.
260 ## - PUBLICATION, DISTRIBUTION, ETC. (IMPRINT)
Place of publication Newyork:
Name of publisher Routledge,
Year of publication 2023.
300 ## - PHYSICAL DESCRIPTION
Number of Pages xviii,614p.
504 ## - BIBLIOGRAPHY, ETC. NOTE
Bibliography, etc Includes bibliographical references and index.
520 ## - SUMMARY, ETC.
Summary, etc "This handbook presents a systematic and comprehensive overview of economic sociology, an exemplary interdisciplinary field which draws on theoretical frameworks and empirical findings from both economics and sociology to present a unique lens on the interdependence of the economy and society. The handbook is arranged in four parts which together present the current state-of-the-art of economic sociology as well as pointing towards future directions for research. The first part outlines the theoretical foundations of economic sociology and its relations to other fields, particularly with regard to other alternative approaches to economics, and looks at conceptions and definitions of economic sociology vary. The second part provides an overview of the historical development of economic sociology from classical political economy to the present day. The third part explores the main problematics of economic sociology, analyzing the economy in relation to particular social institutions, the state, ideology, culture and art, religion, gender, race/ethnicity, and more. The fourth part focuses on the principal branches of including sociology of the market, industrial organization and work, uncertainty, distribution and inequality, money and finance, and the environment. The stellar international cast of contributors is drawn from both economics and sociology therefore presenting a holistic view of the field and contributing to a rejuvenation of economic sociology within economics. It is an indispensable reference work for researchers and students across a broad range of sociological and economic disciplines"--
650 #0 - SUBJECT ADDED ENTRY--TOPICAL TERM
Topical Term Economics
General subdivision Sociological aspects.
650 #0 - SUBJECT ADDED ENTRY--TOPICAL TERM
Topical Term Social sciences
General subdivision Economic theory
650 #0 - SUBJECT ADDED ENTRY--TOPICAL TERM
General subdivision Capitalism
700 1# - ADDED ENTRY--PERSONAL NAME
Personal name Zafirovski, Milan,
Relator term editor.
942 ## - ADDED ENTRY ELEMENTS (KOHA)
Source of classification or shelving scheme Dewey Decimal Classification
Koha item type Books
Holdings
Withdrawn status Lost status Damaged status Not for loan Home library Current library Date acquired Source of acquisition Cost, normal purchase price Bill Date Full call number Accession Number Cost, replacement price Price effective from Koha item type
        NASSDOC Library NASSDOC Library 21/03/2024 Overseas Press Pvt LTD 13156.45 20-03-24 306.3 ROU- 54192 20240.70 20/03/2024 Books